000 01047nam a2200265 i 4500
001 bg
245 0 0 _aPrace Instytutu Technologii Maszyn i Automatyzacji Produkcji :
_bCzęstochowa 8-9 czerwca 2000 r. /
_cPolska Akademia Nauk. Komitet Budowy Maszyn. Sekcja Podstaw Technologii, Instytut Technologii Maszyn i Automatyzacji Produkcji Politechniki Częstochowskiej.
260 _aCzęstochowa :
_bWydaw. PC,
_c2000.
300 _a154 s. :
_bfot., rys., wykr. ;
_c24 cm.
500 _aStreszcz ang. po art.
504 _aBibliogr. po art.
650 9 _aMaszyny
_xtechnologia
650 9 _aNagniatanie
650 9 _aSkrawanie
650 9 _aProdukcja
_xautomatyzacja
710 0 _aPolska Akademia Nauk
_bKomitet Budowy Maszyn
_bSekcja Podstaw Technologii
710 0 _aPolitechnika Częstochowska
_bInstytut Technologii Maszyn i Automatyzacji Produkcji
020 _a8371931026
040 _cBPK
041 0 _apl
_ben
080 _a621.01:621.791/.795
920 _a83-7193-102-6
942 _cKS
008 s pl f |000 0 pol
999 _c39303
_d39303
856 _uhttp://koha.tu.koszalin.pl/cgi-bin/koha/opac-detail.pl?biblionumber=39303
_yKatalog online BPK